| 000 | 00774cam a22002651 4500 | ||
|---|---|---|---|
| 001 | 7964643 | ||
| 003 | ARRUPE | ||
| 005 | 20161027120050.0 | ||
| 008 | 801014s1961 enka 000 0 ger | ||
| 010 | _a 61019031 | ||
| 015 | _aGB61-4691 | ||
| 035 | _a(OCoLC)6821175 | ||
| 040 |
_aDLC _cMnMohC _dUk _dDLC |
||
| 041 | 0 | _ager | |
| 042 | _apremarc | ||
| 050 | 0 | 0 | _aPT1255.S66 |
| 100 | 1 |
_aZuckmayer, Carl, _d1896-1977. _927063 |
|
| 245 | 1 | 4 |
_aDer Hauptmann von Köpenick; _bein deutsches Märchen in drei Akten. _cby Zuckmayer, Carl, |
| 260 |
_aFrankfurt _bFischer Bucherei _c1961 |
||
| 300 |
_a180 p.; _billus. _c19 cm. |
||
| 440 |
_vn. 423 _927064 |
||
| 490 | 0 | _aFischer Bucherei | |
| 906 |
_a7 _bcbc _coclcrpl _du _encip _f19 _gy-gencatlg |
||
| 942 |
_2lcc _cMONOGRAPH |
||
| 999 |
_c125600 _d125600 |
||